00380nam a2200145Ia 4500008004100000020001500041041001200056082001600068100001700084245006500101260002500166300000800191650001800199700001700217221030s9999 xx 000 0 und d a8120314654 aEnglish a105.23bHan aG. W. Hansen 0aData Base Management & Designcby G. W. Hansen, J. V. Hansen bPHIaNew Delhic2003 a582 aMBA Computers aJ. V. Hansen